| 000 | 00716cam a2200145 4500500 | ||
|---|---|---|---|
| 005 | 20260208005827.0 | ||
| 041 | _afre | ||
| 042 | _adc | ||
| 100 | 1 | 0 |
_aPernot, Denis _eauthor |
| 245 | 0 | 0 | _aPIER ANTONIO BORGHEGGIANI, Ordre et caprice. De Bonstetten à Bourget. Fasano et Paris, Schena editore et Presses de l’Université de Paris-Sorbonne, « Biblioteca della ricerca. Cultura straniera », n° 110, 2002. Un vol. 14 × 21 de 173 p. |
| 260 | _c2005. | ||
| 500 | _a25 | ||
| 786 | 0 | _nRevue d'histoire littéraire de la France | 105 | 3 | 2005-06-01 | p. 655zx-764zx | 0035-2411 | |
| 856 | 4 | 1 | _uhttps://shs.cairn.info/revue-d-histoire-litteraire-de-la-france-2005-3-page-655zx?lang=fr&redirect-ssocas=7080 |
| 999 |
_c1653984 _d1653984 |
||